Normal view
MARC view
- CULTURE SHOCK: A GUIDE TO CUSTOMS AND ETIQUETTE OF PAKISTAN
Entry Topical Term
001 - CONTROL NUMBER
- control field: 79979
003 - CONTROL NUMBER IDENTIFIER
- control field: NUST
005 - DATE AND TIME OF LATEST TRANSACTION
- control field: 20210628210551.0
008 - FIXED-LENGTH DATA ELEMENTS
- fixed length control field: 210628|| aca||aabn | a|a d
040 ## - CATALOGING SOURCE
- Original cataloging agency: NUST
- Transcribing agency: NUST
150 ## - HEADING--TOPICAL TERM
- Topical term or geographic name entry element: CULTURE SHOCK: A GUIDE TO CUSTOMS AND ETIQUETTE OF PAKISTAN
670 ## - SOURCE DATA FOUND
- Source citation: Work cat.: (NUST): Karin, Mittmann,Zafar Ihsab 79978, Culture shock: a guide to customs and etiquette of pakistan, 1998
